Ludwig Wittgenstein /

Kaydedildi:
Detaylı Bibliyografya
Yazar: Malcolm, Norman (Yazar)
Diğer Yazarlar: Wright, Georg Henrik : von, Wittgenstein, Ludwig
Materyal Türü: Kitap
Dil:İtalyanca
Baskı/Yayın Bilgisi: Milano : Bompiani, 1988
Seri Bilgileri:Tascabili Bompiani ; 456
Konular:
Etiketler: Etiketle
Etiket eklenmemiş, İlk siz ekleyin!

MARC

LEADER 00000nam a22000007i 4500
001 IT\ICCU\CFI\0155144
003 ItRI
005 20260115232329.0
008 910508s1988 it |||||| ||||| |||||c
015 |2 IT  |a 91-2470 
040 |b ita  |c importazione bologna sebina 
041 7 |a ita  |2 ISO-639-2 
082 |a 193  |9 FILOSOFIA OCCIDENTALE MODERNA. GERMANIA E AUSTRIA  |2 19 
100 1 |a Malcolm, Norman  |0 IT\ICCU\CFIV\089086  |4 aut 
240 1 0 |a Ludwig Wittgenstein : a memoir.  |3 IT\ICCU\UBO\3156048 
245 1 0 |a Ludwig Wittgenstein /  |c Norman Malcolm ; con un profilo biografico di Georg Henrik von Wright e con le lettere di Wittgenstein a Malcolm. 
260 |a Milano :  |b Bompiani,  |c 1988 
300 |a 191 p. ;  |c 19 cm 
500 |a Trad. di Bruno Oddera, Fabio Polidori. 
650 7 |a Wittgenstein, Ludwig 
700 1 |a Wright, Georg Henrik : von  |0 IT\ICCU\CFIV\001191 
700 1 |a Wittgenstein, Ludwig  |0 IT\ICCU\CFIV\002659 
790 1 |a Von Wright, G. H.  |3 IT\ICCU\MILV\233249  |z Wright, Georg Henrik : von 
790 1 |a Von Wright, Georg Hendrik  |3 IT\ICCU\MILV\233250  |z Wright, Georg Henrik : von 
790 1 |a Wright, G. H. : von  |3 IT\ICCU\MILV\233253  |z Wright, Georg Henrik : von 
830 0 |a Tascabili Bompiani ;  |v 456  |0 IT\ICCU\CFI\0000031 
942 |2 ddc  |c BK  |n 0 
952 |0 0  |1 0  |4 0  |6 DOC_193_000000000000000_MAL  |7 0  |9 24299  |a BO  |b BO  |d 2026-01-15  |i 2935  |l 0  |o DOC 193 MAL  |p BO2935  |r 2026-01-15 23:23:29  |w 2026-01-15  |x [Sebina 5] [1 v.]  |y BK  |z 1 v. 
999 |c 20684  |d 20684